Top 15 non-English Languages by State (Indiana) - Statistics

General Stats
  • This quiz has been taken 28 times
  • The average score is 12 of 15
Answer Stats
Answer % Correct
French
100%
German
100%
Russian
100%
Spanish
100%
Arabic
96%
Chinese
96%
Japanese
96%
Korean
96%
Hindi
88%
Vietnamese
88%
Dutch
77%
Tagalog
77%
Panjabi
42%
Burmese
27%
Pennsylvanian Dutch
0%
No matching quizzes found
Score Distribution
Percent of People with Each Score
Percentile by Number Answered
Your Score History
You have not taken this quiz